| 000 | 00499nam a2200169 i 4500 | ||
|---|---|---|---|
| 001 | 61782 | ||
| 003 | ES-MaACL | ||
| 005 | 20230906164536.0 | ||
| 007 | t| | ||
| 008 | 031113s1909 fr ||||1| fre d | ||
| 100 | 1 |
_aFarrère, Claude. _948900 |
|
| 245 | 1 | 3 |
_aLa bataille / _cClaude Farrère ; illustrations d'après les dessins de Ch. Pourriol. |
| 260 |
_aParís : _bArthème Fayard, _c[1909] |
||
| 300 |
_a187 p., lám. ; _c24 cm. |
||
| 700 | 1 |
_aPourriol, Ch. _993465 |
|
| 852 |
_aES-MaACL _jF-11576 |
||
| 999 |
_c61782 _d61782 |
||